Faculty of Law Library — Cairo University

Official Online Catalog

Le Japon / (Record no. 76567)

MARC details
000 -LEADER
fixed length control field 00933nam a2200301 i 4500
003 - CONTROL NUMBER IDENTIFIER
control field EG-GICUC
005 - DATE AND TIME OF LATEST TRANSACTION
control field 20260511130906.0
008 - FIXED-LENGTH DATA ELEMENTS--GENERAL INFORMATION
fixed length control field 260511s1969 fr ||||f |||| 00| 0 fre d
040 ## - CATALOGING SOURCE
Original cataloging agency EG-GICUC
Transcribing agency EG-GICUC
Modifying agency EG-GICUC
Description conventions rda
041 ## - LANGUAGE CODE
Language code of text/sound track or separate title fre
043 ## - GEOGRAPHIC AREA CODE
Geographic area code fr#
082 04 - DEWEY DECIMAL CLASSIFICATION NUMBER
Edition number 21
Classification number 342.052
Item number RO.J
092 04 - LOCALLY ASSIGNED DEWEY CALL NUMBER (OCLC)
Edition number 21
Classification number 342.052
Item number RO.J
099 ## - LOCAL FREE-TEXT CALL NUMBER (OCLC)
Classification number Law1 08 342.052 RO.J 1969
100 0# - MAIN ENTRY--PERSONAL NAME
Personal name Robert , Jacques.
Relator term Author.
245 ## - TITLE STATEMENT
Title Le Japon /
Statement of responsibility, etc. Par Jacques Robert.
264 ## - PRODUCTION, PUBLICATION, DISTRIBUTION, MANUFACTURE, AND COPYRIGHT NOTICE
Place of production, publication, distribution, manufacture Paris :
Name of producer, publisher, distributor, manufacturer Libraire généerale de droit et de jurisprudence ,
Date of production, publication, distribution, manufacture, or copyright notice 1969.
300 ## - PHYSICAL DESCRIPTION
Extent 524 page ;
Dimensions 24 CM.
336 ## - CONTENT TYPE
Source rda content
Content type term text
337 ## - MEDIA TYPE
Source rda media
Media type term Computer
338 ## - CARRIER TYPE
Source rda carrier
Carrier type term Online Resource
490 ## - SERIES STATEMENT
Materials specified comment ils sont gouvernés
Volume/sequential designation Tom XX
650 1# - SUBJECT ADDED ENTRY--TOPICAL TERM
Topical term or geographic name entry element Droit constitutionnel
Source of heading or term qrmak
Geographic subdivision Japon
651 1# - SUBJECT ADDED ENTRY--GEOGRAPHIC NAME
Source of heading or term qrmak
856 40 - ELECTRONIC LOCATION AND ACCESS
Uniform Resource Identifier <a href="https://fll.law.cu.edu.eg/fulltext/bks/B08-05456.pdf">https://fll.law.cu.edu.eg/fulltext/bks/B08-05456.pdf</a>
905 ## - Cataloger and Reviser Names
Cataloger Name: Dalia
942 ## - ADDED ENTRY ELEMENTS (KOHA)
Source of classification or shelving scheme Dewey Decimal Classification
Koha item type Books
Edition 21
Suppress in OPAC No
Holdings
Withdrawn status Lost status Source of classification or shelving scheme Damaged status Not for loan Collection Home library Current library Date acquired Total checkouts Full call number Barcode Date last seen Copy number Price effective from Koha item type
    Dewey Decimal Classification   Not for loan القانون الدستوري جــــامعة القــاهرة مكتبة كلية الحقوق - المبنى الرئيسي 11.05.2026   Law1 08 342.052 RO.J 1969 0805456 C1 B08-05456 11.05.2026 1 11.05.2026 Books
    Dewey Decimal Classification     القانون الدستوري جــــامعة القــاهرة مكتبة كلية الحقوق - المبنى الرئيسي 11.05.2026   Law1 08 342.052 RO.J 1969 0805564 C2 B08-05564 11.05.2026 2 11.05.2026 Books

© All rights reserved — Faculty of Law, Cairo University